Recherches sur les rapports entre Carthage et le monde grec V-II siécle avant J.- C

محفوظ في:
التفاصيل البيبلوغرافية
المؤلف الرئيسي: Tahar Barira, Mohamed (مؤلف)
التنسيق: كتاب
اللغة:الفرنسية
منشور في: París, Francia Anrtheses 1992
الموضوعات:
الوسوم: إضافة وسم
لا توجد وسوم, كن أول من يضع وسما على هذه التسجيلة!

MARC

LEADER 00000nam a2200000 a 4500
001 UCI0329
003 CL-VaPUC
005 20210602001453.0
008 070504e19920000FR |||||||||||||||||fre|d
999 |c 325565  |d 325563 
020 |a 228404624X 
040 |c Pontificia Universidad Católica de Valparaíso 
082 0 4 |a 938 TAH 1992  |2 21 
100 0 |a Tahar Barira, Mohamed  |e author  |9 520503 
245 1 0 |a Recherches sur les rapports entre Carthage et le monde grec V-II siécle avant J.- C 
260 |a París, Francia  |b Anrtheses  |c 1992 
300 |a 393 páginas 
583 |a last modification  |c 20130305 08:57:50  |k Rodrigo Vera 
650 0 |a Historia de Grecia   |9 267917 
650 7 |a HISTORIA DE GRECIA ANTIGUA  |2 CL-VaPUC  |9 520504 
651 0 |a Grecia  |9 265314 
942 |c BK  |2 ddc 
945 |d 20070504 00:00:00  |a jtorresc 
952 |0 0  |1 0  |2 ddc  |4 0  |6 938_000000000000000_TAH_1992  |7 0  |8 A  |9 406552  |a BIBHIS  |b BIBHIS  |d 2019-11-22  |i 429016K  |o 938 TAH 1992  |p 429016K  |r 2025-01-20  |t 1  |w 2019-11-22  |y BK  |k HIS